Approximation theory and methods / (Record no. 7831)

MARC details
000 -LEADER
fixed length control field 00961cam a2200289 i 4500
001 - CONTROL NUMBER
control field 3718257
003 - CONTROL NUMBER IDENTIFIER
control field OSt
005 - DATE AND TIME OF LATEST TRANSACTION
control field 20240614093933.0
008 - FIXED-LENGTH DATA ELEMENTS--GENERAL INFORMATION
fixed length control field 800905s1981 enk b 001 0 eng
010 ## - LIBRARY OF CONGRESS CONTROL NUMBER
LC control number 80040880
015 ## - NATIONAL BIBLIOGRAPHY NUMBER
National bibliography number GB81
020 ## - INTERNATIONAL STANDARD BOOK NUMBER
International Standard Book Number 0521224721
020 ## - INTERNATIONAL STANDARD BOOK NUMBER
International Standard Book Number 0521295149 (pbk.)
040 ## - CATALOGING SOURCE
Original cataloging agency DLC
Transcribing agency DDC
Modifying agency DLC
050 00 - LIBRARY OF CONGRESS CALL NUMBER
Classification number QA221
Item number .P65
082 00 - DEWEY DECIMAL CLASSIFICATION NUMBER
Classification number 510.POW.1981
100 1# - MAIN ENTRY--PERSONAL NAME
Personal name Powell, M. J. D.
Fuller form of name (Michael James David),
Dates associated with a name 1936-
9 (RLIN) 15937
245 10 - TITLE STATEMENT
Title Approximation theory and methods /
Statement of responsibility, etc. M. J. D. Powell.
260 ## - PUBLICATION, DISTRIBUTION, ETC. (IMPRINT)
Place of publication, distribution, etc. Cambridge [Eng.] ;
-- New York :
Name of publisher, distributor, etc. Cambridge University Press,
Date of publication, distribution, etc. 1981.
300 ## - PHYSICAL DESCRIPTION
Extent x, 339 p. :
Other physical details grapgs ;
Dimensions 24 cm.
500 ## - GENERAL NOTE
General note Includes index.
504 ## - BIBLIOGRAPHY, ETC. NOTE
Bibliography, etc Bibliography: p.
650 #0 - SUBJECT ADDED ENTRY--TOPICAL TERM
Topical term or geographic name as entry element Approximation theory.
9 (RLIN) 15938
856 42 - ELECTRONIC LOCATION AND ACCESS
Materials specified Publisher description
Uniform Resource Identifier http://www.loc.gov/catdir/description/cam022/80040880.html
856 41 - ELECTRONIC LOCATION AND ACCESS
Materials specified Table of contents
Uniform Resource Identifier http://www.loc.gov/catdir/toc/cam029/80040880.html
942 ## - ADDED ENTRY ELEMENTS (KOHA)
Source of classification or shelving scheme Dewey Decimal Classification
Koha item type Open Shelf
Holdings
Withdrawn status Lost status Source of classification or shelving scheme Damaged status Not for loan Home library Current library Date acquired Source of acquisition Inventory number Total Checkouts Full call number Barcode Date last seen Price effective from Koha item type
    Dewey Decimal Classification     MUST Main Library MUST Main Library 14/06/2024 Purchase 04/21053   510.POW.1981 2024-20443 14/06/2024 14/06/2024 Open Shelf
    Dewey Decimal Classification     MUST Main Library MUST Main Library 21/06/2024 Purchase 04/21052   510.POW.1996 2024-21018 21/06/2024 21/06/2024 Open Shelf
    Dewey Decimal Classification     MUST Main Library MUST Main Library 21/06/2024 Purchase 04/21052   510.POW.1981 2024-21019 21/06/2024 21/06/2024 Open Shelf